| 000 | 00488nam a2200169Ia 4500 | ||
|---|---|---|---|
| 003 | IN-BaIIA | ||
| 008 | 211028s9999 xx 000 0 eng d | ||
| 040 | _cIIA Library | ||
| 080 |
_a84.4 _bOXF |
||
| 110 |
_aOxford University Press _914272 |
||
| 245 | 4 |
_aThe Oxford school atlas _cOxford university press |
|
| 250 | _a25th ed. | ||
| 260 |
_aNew Delhi _bOxford University Press _c1984 |
||
| 300 | _a72p. | ||
| 650 |
_aSchool atlas _914273 |
||
| 942 | _cBK | ||
| 999 |
_c8518 _d8518 |
||